An update to EU law will bring the UK closer to its 'zero carbon by 2019' objective (Record no. 83807)

MARC details
000 -LEADER
fixed length control field 00684cab a22002055a 4500
001 - CONTROL NUMBER
control field L155085
008 - FIXED-LENGTH DATA ELEMENTS--GENERAL INFORMATION
fixed length control field 120228e20120216xxk 000 0 eng d
035 ## - SYSTEM CONTROL NUMBER
System control number (Sirsi) u155085
041 0# - LANGUAGE CODE
Language code of text/sound track or separate title eng
100 1# - MAIN ENTRY--PERSONAL NAME
Personal name Cullen, Nick
245 03 - TITLE STATEMENT
Title An update to EU law will bring the UK closer to its 'zero carbon by 2019' objective
260 ## - PUBLICATION, DISTRIBUTION, ETC.
Date of publication, distribution, etc. 2012
490 ## - SERIES STATEMENT
Series statement Architects' Journal
Volume/sequential designation 235(7) 23 February 2012, 55(1)
520 ## - SUMMARY, ETC.
Summary, etc. Focuses on the impact the new EU Energy Performance of Buildings Directive (EPBD) will have on Part L of the Building Regulations.
590 ## - LOCAL NOTE (RLIN)
Local note KA
651 #4 - SUBJECT ADDED ENTRY--GEOGRAPHIC NAME
Geographic name England
Chronological subdivision 886-
651 #4 - SUBJECT ADDED ENTRY--GEOGRAPHIC NAME
Geographic name Wales
Chronological subdivision 2007-
690 ## - LOCAL SUBJECT ADDED ENTRY--TOPICAL TERM (OCLC, RLIN)
Topical term or geographic name as entry element Building regulations
9 (RLIN) 6224
942 ## - ADDED ENTRY ELEMENTS (KOHA)
Suppress in OPAC 0
Holdings
Withdrawn status Lost status Source of classification or shelving scheme Damaged status Not for loan Home library Current library Shelving location Date acquired Total Checkouts Full call number Barcode Date last seen Copy number Price effective from Koha item type
    Dewey Decimal Classification     London London Journal article 28/02/2012   L155085 155085-1001 06/08/2019 1 06/08/2019 Journal article